000 00673cam a2200181 4500500
005 20260111080412.0
041 _afre
042 _adc
100 1 0 _aPuissant, Jordan
_eauthor
245 0 0 _aLes économies numériques et collaboratives, des opportunités nouvelles de refonte de la fiscalité locale ?
260 _c2020.
500 _a55
690 _aéconomie collaborative
690 _afinances locales
690 _afiscalité du numérique
786 0 _nGestion & Finances Publiques | 2 | 2 | 2020-04-29 | p. 65-70 | 1969-1009
856 4 1 _uhttps://droit.cairn.info/revue-gestion-et-finances-publiques-2020-2-page-65?lang=fr&redirect-ssocas=7080
999 _c1616263
_d1616263